Aplicacin̤ prc̀tica del Impuesto al Valor Agregado 2020

Bibliographic Details
Main Author: Sǹchez Miranda, Arnulfo
Format: eBook
Language:Spanish
Published: Ciudad de Mx̌ico: Ediciones Fiscales ISEF, 2020
Subjects:
Online Access:Acceso restringido

MARC

LEADER 00000nam a22000007a 4500
005 20200527185316.0
007 cr|||| ||||
008 200527s2020 mx |||||s|||| 00||0 spa d
020 |a 978-607-541-200-9 
035 |a 31479 
040 |a vLex 
090 |c 10402  |d 10402 
100 1 |a Sǹchez Miranda, Arnulfo 
245 1 0 |a Aplicacin̤ prc̀tica del Impuesto al Valor Agregado 2020  |h [Recurso electrn̤ico] /  |c Arnulfo Sǹchez Miranda 
256 |a Servicio en ln̕ea 
260 |a Ciudad de Mx̌ico:  |b Ediciones Fiscales ISEF,  |c 2020 
300 |a 1 recurso electrn̤ico 
500 |a En esta obra, APLICACIÓN PRℓCTICA DEL IMPUESTO AL VALOR AGREGADO, se desarrolla de manera sencilla, a travš de casos prc̀ticos, temas esenciales que todo estudiante debe saber por medio de una adecuada comprensin̤ de la LIVA. Conocer ̀los elementos sustantivos de IVA y le dar ̀las herramientas bs̀icas para orientar de forma correcta el pago del tributo. INCLUYE el tema "SERVICIOS Y PLATAFORMAS DIGITALES" 
506 1 |a Disponible solo en los productos indicados  |d vLex Global  |d vLex Global (Academic Edition, excluding Law Schools)  |d vLex Global (U.S. Academic Edition, Law Schools)  |d vLex Global (U.S. Academic Edition, excluding Law Schools)  |d vLex Global (Academic Edition, Law Schools) 
650 0 4 |a Derecho Fiscal  |z Mx̌ico 
650 0 4 |a IVA  |z Mx̌ico 
740 0 |a vLex Libros (Servicio en ln̕ea) 
856 4 0 |u http://vlex.com/source/aplicacion-practica-del-impuesto-al-valor-agregado-2020-31479  |z Acceso restringido 
942 |c BOOK 
999 0 |a Tax Law 
999 0 |a VAT